Helping health workers learn : (Record no. 432)

MARC details
000 -LEADER
fixed length control field 00929nam a2200277 a 4500
001 - CONTROL NUMBER
control field 1869833
003 - CONTROL NUMBER IDENTIFIER
control field OSt
005 - DATE AND TIME OF LATEST TRANSACTION
control field 20210218114744.0
008 - FIXED-LENGTH DATA ELEMENTS--GENERAL INFORMATION
fixed length control field 850613s1982 caua 001 0 eng
010 ## - LIBRARY OF CONGRESS CONTROL NUMBER
LC control number 82188809
020 ## - INTERNATIONAL STANDARD BOOK NUMBER
International Standard Book Number 0942364104
040 ## - CATALOGING SOURCE
Original cataloging agency DLC
Transcribing agency DLC
Modifying agency DLC
-- PHNSL
050 00 - LIBRARY OF CONGRESS CALL NUMBER
Classification number RA771
Item number .W46 1982
082 00 - DEWEY DECIMAL CLASSIFICATION NUMBER
Classification number 610/.7
Edition number 19
100 1# - MAIN ENTRY--PERSONAL NAME
Personal name Werner, David,
Dates associated with a name 1934-
245 10 - TITLE STATEMENT
Title Helping health workers learn :
Remainder of title a book of methods, aids, and ideas for instructors at the village level /
Statement of responsibility, etc. David Werner and Bill Bower ; drawings by David Werner ... [et al.].
250 ## - EDITION STATEMENT
Edition statement 1st ed.
260 ## - PUBLICATION, DISTRIBUTION, ETC.
Place of publication, distribution, etc. Palo Alto, Calif. :
Name of publisher, distributor, etc. Hesperian Foundation,
Date of publication, distribution, etc. 1982.
300 ## - PHYSICAL DESCRIPTION
Extent 1 v. (various pagings) :
Other physical details ill. ;
Dimensions 26 cm.
500 ## - GENERAL NOTE
General note Includes index.
650 #0 - SUBJECT ADDED ENTRY--TOPICAL TERM
Topical term or geographic name entry element Medicine, Rural
General subdivision Study and teaching.
650 #0 - SUBJECT ADDED ENTRY--TOPICAL TERM
Topical term or geographic name entry element Health education.
700 1# - ADDED ENTRY--PERSONAL NAME
Personal name Bower, Bill.
906 ## - LOCAL DATA ELEMENT F, LDF (RLIN)
a 7
b cbc
c orignew
d 3
e ncip
f 19
g y-gencatlg
942 ## - ADDED ENTRY ELEMENTS (KOHA)
Source of classification or shelving scheme Library of Congress Classification
Koha item type Books
Holdings
Withdrawn status Lost status Source of classification or shelving scheme Damaged status Not for loan Home library Current library Shelving location Date acquired Total Checkouts Full call number Barcode Date last seen Copy number Price effective from Koha item type Public note
    Library of Congress Classification     Public Health Nurses School Public Health Nurses School General Stacks 02/18/2021   RA771.W49 00612 02/18/2021 c.1 02/18/2021 Books soa 18/02/21
    Library of Congress Classification     Public Health Nurses School Public Health Nurses School General Stacks 02/18/2021   RA771.W49 00613 02/18/2021 c.2 02/18/2021 Books soa 18/02/21
    Library of Congress Classification     Public Health Nurses School Public Health Nurses School General Stacks 02/18/2021   RA771.W49 00614 02/18/2021 c.3 02/18/2021 Books soa 18/02/21
    Library of Congress Classification     Public Health Nurses School Public Health Nurses School General Stacks 02/18/2021   RA771.W49 00615 02/18/2021 c.4 02/18/2021 Books soa 18/02/21
Copyright © 2025 PHNS Library. All Rights Reserved.